Statistics for Van Halen Songs on the Billboard Hot 100 Chart (USA)

Click here to take the quiz!

General Stats

  • This quiz has been taken 147 times
  • The average score is 11 of 23

Answer Stats

Highest Chart Position, Year Answer % Correct
1, 1984Jump
96%
13, 1984Panama
92%
56, 1984Hot For Teacher
83%
84, 1978Runnin With the Devil
75%
22, 1986Dreams
64%
3, 1986Why Can't This Be Love
63%
36, 1978You Really Got Me
61%
55, 1992Right Now
58%
15, 1979Dance the Night Away
53%
12, 1982(Oh) Pretty Woman
50%
13, 1984I'll Wait
45%
22, 1986Love Walks In
44%
5, 1988When It's Love
42%
84, 1979Beautiful Girls
34%
13, 1988Finish What Ya Started
30%
67, 2012Tattoo
30%
27, 1991Top of the World
30%
30, 1995Can't Stop Lovin' You
30%
38, 1982Dancing in the Street
30%
55, 1980And The Cradle Will Rock
28%
34, 1988Black and Blue
24%
97, 1995Not Enough
11%
35, 1989Feel So Good
4%

Score Distribution

Percentile by Number Answered

Percent of People with Each Score

Your Score History

You have not taken this quiz